Statistics for Classic Musicals: The Sound of Music

Click here to take the quiz!

General Stats

  • This quiz has been taken 22 times
  • The average score is 8 of 15

Answer Stats

HintAnswer% Correct
Liesl wants "to stay and taste my first" what, according to the song lyric?Champagne
93%
What is the flower that looks "happy to meet" Captain Von Trapp, according to the song lyric?Edelweiss
87%
Where does Elsa live?Vienna
80%
What "trips and falls over stones on its way," according to the song lyric?A Brook
73%
Arrange the first letters of the Children's first names in order of their age.LFLKBMG
73%
What is the last name of Uncle Max?Detweiler
67%
Name the Captain's butler who was formerly in the Imperial Navy.Franz
67%
In the movie, Maria and the Children sing "My Favorite Things" during the scene in Maria's bedroom. What song do they sing in the same scene in the stage musical?The Lonely Goatherd
67%
In what city are both the movie and the musical set?Salzburg
53%
What is the name of the Austrian folk dance that Maria and the Captain dance?The Laendler
40%
Name either of the songs in the stage musical that were not sung in the movie.How Can Love Survive? | No Way To Stop It
33%
What is the abbey named?Nonnberg Abbey
33%
Where is the Captain told to report to when he receives his commission?Bremerhaven
27%
What, according to Max in the stage musical, is preventing the Captain from marrying Elsa?Money
27%
What title does Herr Zeller have?Gauleiter
13%

Score Distribution

Percentile by Number Answered

Percent of People with Each Score

Your Score History

You have not taken this quiz